ছোটদের টিপু সুলতান / (Record no. 13420)
[ view plain ]
| 000 -LEADER | |
|---|---|
| fixed length control field | 00680nam a2200229 a 4500 |
| 001 - CONTROL NUMBER | |
| JCCL Control Number | 13420 |
| 003 - CONTROL NUMBER IDENTIFIER | |
| JCCL marc code | BD-JhCC |
| 005 - DATE AND TIME OF LATEST TRANSACTION | |
| control field | 20230923120734.0 |
| 008 - FIXED-LENGTH DATA ELEMENTS--GENERAL INFORMATION | |
| fixed length control field | 230917b2015 bg |||| ||a| 000 0 b d |
| 020 ## - INTERNATIONAL STANDARD BOOK NUMBER | |
| International Standard Book Number | 9789849129066 |
| 035 ## - SYSTEM CONTROL NUMBER | |
| system control number | (BD-JhCC)13420 |
| 040 ## - CATALOGING SOURCE | |
| Original cataloging agency | BD-JhCC |
| Modifying agency | BD-JhCC |
| 041 ## - LANGUAGE CODE | |
| Language code of Book | bengali |
| 082 ## - DEWEY DECIMAL CLASSIFICATION NUMBER | |
| Author mark and Year | CHO 2015 |
| 245 ## - TITLE STATEMENT | |
| Title | ছোটদের টিপু সুলতান / |
| Statement of responsibility, etc | সম্পা: রাব্বি উস সানি। |
| 260 ## - PUBLICATION, DISTRIBUTION, ETC. (IMPRINT) | |
| Place of publication, distribution, etc | ঢাকা: |
| Name of publisher, distributor, etc | সবুজপাতা; |
| Date of publication, distribution, etc | 2015. |
| 300 ## - PHYSICAL DESCRIPTION | |
| Pagination | 95 p. : |
| Dimensions | 20 cm. |
| 651 ## - SUBJECT ADDED ENTRY--GEOGRAPHIC NAME | |
| Geographic name | Bengali short stories |
| 700 ## - ADDED ENTRY--PERSONAL NAME | |
| Personal name | সানি,রাব্বি উস |
| 942 ## - ADDED ENTRY ELEMENTS (KOHA) | |
| Source of classification or shelving scheme | Dewey Decimal Classification |
| Koha item type | Books |
| Source of classification or shelving scheme | Damaged status | Not for loan | Home library | Current library | Shelving location | Date of accession | Cost, normal purchase price | Full call number | Barcode | Date last seen | Copy number | Method of acquisition | Koha item type | Currency |
|---|---|---|---|---|---|---|---|---|---|---|---|---|---|---|
| Dewey Decimal Classification | JCC Rouf Library | JCC Rouf Library | General Stacks | 90.00 | 891.4435 CHO 2015 | 18440 | 09/17/2023 | C-1 | Purchase | Books | BDT |